00434nam a2200157Ia 4500001000500000005001700005008004100022041000800063082001800071100005400089245008000143260000900223300002800232650000800260654000800268447320260306145758.0260306t2008||||xx |||||||||||||| ||spa|| aESP a323.042bI59B aInstituto Interamericano de Derechos HumanoseAUT 0aLa anticoncepción oral de emergencia. El debate legal en América Latina c2008 a145 páginas :c21 cm. aGEN aCHU